| 000 | 00710cam a2200277 4500 | ||
|---|---|---|---|
| 001 | J918 | ||
| 008 | 090401t1992 xxu||||| |||| 00| 0 eng d | ||
| 035 | _a(Sirsi) u34478 | ||
| 041 | _aeng | ||
| 050 | _a333.33 | ||
| 110 |
_aSavills _92020 |
||
| 245 | _aSavills quarterly residential research bulletin . Spring 1992 - Winter 1992 | ||
| 260 |
_aLondon _bSavills _c1992 |
||
| 300 | _a3 pt. ;30cm. | ||
| 350 | _a0 | ||
| 650 | _aBUILDING LAND PRICE INDEX | ||
| 650 | _aHOUSE PRICES | ||
| 650 | _aHOUSING LAND | ||
| 650 | _aINDICES | ||
| 650 | _aLAND PRICES | ||
| 650 | _aPROPERTY MARKET | ||
| 650 |
_aRESIDENTIAL PROPERTY _96266 |
||
| 650 | _aSAVILLS INDICES | ||
| 942 | _n0 | ||
| 948 | _c04/03/1997 | ||
| 999 |
_c89949 _d89949 |
||